[Event "Escaldes zt"]
[Site "Escaldes"]
[Date "1998.11.10"]
[Round "5"]
[White "Bacrot, Etienne"]
[Black "Galego, Luis"]
[Result "1-0"]
[WhiteElo "2555"]
[BlackElo "2425"]
[Annotator "Stohl,I"]
[PlyCount "59"]
[EventDate "1998.11.06"]
[EventType "swiss"]
[EventRounds "9"]
[EventCountry "AND"]
[SourceTitle "CBM 068"]
[Source "ChessBase"]
[SourceDate "1999.02.01"]
[SourceVersion "1"]
[SourceVersionDate "1999.02.01"]
[SourceQuality "1"]

1. d4 {Baburin} e6 2. c4 Nf6 3. Nf3 c5 4. d5 exd5 5. cxd5 d6 6. Nc3 g6 7. e4
Bg7 8. h3 O-O 9. Bd3 a6 $6 {This game once more shows, why the Bd3,h3 line is
immensely popular nowadays. If Black doesn't know anything about the sharp 9...
b5! lines, which is according to the current stand of theory his only chance
for active counterplay, he will suffer under strong central pressure.} (9... b5
$142 $1 $132) 10. a4 Nbd7 11. O-O (11. Bf4 $5 Qe7 12. O-O Nh5 13. Bh2 Bh6 14.
Re1 Bf4 $6 15. g3 Bh6 16. Bf1 f6 17. Nd2 Bxd2 18. Qxd2 Ne5 19. Qd1 Bd7 20. f4
Nf7 21. g4 $16 {Peric,S-Anka,E/Geneva op/1995/}) 11... Qe7 $6 (11... Nh5 $142
$5 12. Bg5 Bf6 13. Be3 Re8 14. Be2 $1 {/\Nd2} (14. Qd2 Qc7 15. Rfc1 Ne5 16. Be2
Nxf3+ 17. Bxf3 Ng7 18. a5 Be5 19. Na4 f5 20. Nb6 Rb8 21. Nc4 fxe4 22. Bxe4 Bxb2
23. Qxb2 Rxe4 24. f3 Re8 25. Bf4 Nf5 26. Nxd6 Nxd6 27. Qf6 Bf5 28. Bxd6 {
1/2,Kramnik,V-Illescas Cordoba,M/Alcobendas m/ 1993/}) 14... Ng7 15. Qc2 Qe7
16. Rfe1 Ne5 17. Nh2 $5 h5 18. f4 Nd7 19. Nf3 Bxc3 20. Qxc3 Qxe4 21. Bd3 Qxd5
22. Bc4 Qf5 23. Rad1 Qf6 24. Ng5 Ne6 25. Nxe6 fxe6 26. Rxd6 Qxc3 27. bxc3 Kf7
28. Bf2 $44 {->,Panchenko,A-Fedorov,V/New York/1992/}) 12. Re1 Re8 13. Bf4 Nh5
14. Bh2 Ne5 (14... Bh6 15. e5 $36) 15. Be2 $1 (15. Nxe5 $143 Bxe5 16. Qd2 (16.
Bxe5 Qxe5 17. Qf3 Bd7 18. Bf1 Re7 19. Re3 Rae8 20. Rae1 Rb8 21. g3 b5 22. axb5
axb5 23. Qg2 c4 24. f4 Qd4 25. Qf2 b4 $36 {Olsson,G-Burger,K/Aspen/1968/})
16... g5 17. Be2 Nf4 18. Bxf4 gxf4 19. Qd1 Qh4 20. Bg4 Kh8 21. Bxc8 Raxc8 22.
Qg4 Qxg4 23. hxg4 Rb8 24. a5 b5 25. axb6 Rxb6 26. Ra2 Reb8 27. Re2 Rb3 $36 {
Parcerias,P-Galego,L/POR-chT/1993/ Relying on Bacrot to repeat Galego's
pleasant former experience was at least naive, the text move is known and much
stronger.}) 15... Bd7 (15... Nxf3+ 16. Bxf3 Be5 (16... Nf6 17. e5 $16 {|^[+]})
17. Bxh5 Bxh2+ 18. Kxh2 Qe5+ 19. Kh1 (19. g3 Qxh5 20. Qxh5 gxh5 21. f4 f6 22.
e5 $1 fxe5 23. Ne4 $16 {ק,Sarno,S-Khan Mohd,O/Novi Sad olm/1990/}) 19... gxh5
20. Rf1 Qg5 21. f4 Qg6 22. Qf3 f5 23. e5 dxe5 24. fxe5 Rxe5 25. d6 Qxd6 26.
Qg3+ Kh8 27. Rad1 Qe7 28. Rd8+ Qxd8 29. Qxe5+ Kg8 30. Rd1 {1-0,Horvath,
C-Goldstern,F/SWZ-chI op/1992/}) (15... Rb8 16. Nxe5 Bxe5 17. Bxh5 Bxh2+ 18.
Kxh2 Qe5+ 19. g3 Qxh5 20. Qxh5 gxh5 21. e5 $1 $16 Rxe5 22. Rxe5 dxe5 23. Re1 f6
24. f4 exf4 25. Re8+ Kf7 26. Rh8 f3 27. Kg1 f5 28. d6 {1-0,Mowsziszian,K-Von
Herman,U/Hamburg op/1992/}) (15... Nf6 16. Nd2 $5 (16. Nxe5 dxe5 17. a5 $14)
16... g5 $1 $8 (16... Qc7 17. f4 Ned7 18. Bf3 $16 {[%csl Gd5,Ge4,Gf4] [+]}) 17.
Bxe5 Qxe5 18. Nf3 Qe7 $8 19. Nxg5 Bd7 20. Bf1 Ng4 $1 21. Nf3 $8 Ne5 {Manor,
I-Golod,V/Tel Aviv/1995/} 22. Nxe5 Bxe5 23. g3 $14) 16. g4 $1 $146 {'!?'
Baburin. A convincing novelty.} (16. a5 Kh8 17. Qd2 (17. Nxe5 $5 $16) 17...
Rab8 18. Rad1 b6 19. g4 Nf6 20. Nxe5 dxe5 21. f4 Ng8 22. f5 Bh6 23. Qc2 bxa5
24. Bxa6 Rb4 25. d6 Qh4 $132 {Lobron,E-Maus,S/Hamburg SKA/1991/}) (16. Nd2 Qg5
17. Bxh5 Qxh5 18. Qxh5 gxh5 19. Bxe5 Bxe5 20. Nc4 f6 21. Nxe5 fxe5 22. a5 Rab8
$11 {1/2,Gonzalez,J-Sariego,W/Holguin/1991/}) ({Also possible was} 16. Nxe5
Bxe5 17. Bxh5 Bxh2+ 18. Kxh2 Qe5+ 19. Kh1 (19. g3 $5) 19... gxh5 20. a5 $36 {
and despite the extra tempo Bd7 Black is still in trouble.} (20. Rf1 b5 $132))
16... Nf6 (16... Nxf3+ {Baburin} 17. Bxf3 Nf6 18. g5 $5) 17. Nd2 $1 {/\f4+-
Baburin: 'White is ready to push back Black's cavalry, which forces his
opponent to weaken his kingside, trying to hold on to the e5-knight.'} (17.
Nxe5 $6 dxe5 18. a5 h5 $5 $132) 17... g5 $8 18. Nc4 $16 {'!' Baburin.} h5 $6 (
18... Nxc4 19. Bxc4 {+/-,/\e5,f4,[+],->׻} b5 20. axb5 axb5 21. Bxb5 $5 $16 (
21. Rxa8 Rxa8 22. Bxb5 Bxb5 23. Nxb5 Ne8 $14)) 19. Bxe5 {'!?' Baburin.} dxe5
20. a5 $18 {[%csl Rb6,Rd6,Rf5] White's position is strategically won, Black
has weaknesses on black and white squares.} Rad8 21. Nb6 hxg4 22. Bxg4 $1 (22.
hxg4 $143 Nh7 {/\Nf8-g6-f4<=>}) 22... Bxg4 (22... Nxg4 23. hxg4 $18) (22... Bb5
23. Bf5 $40) 23. hxg4 Nd7 24. Nxd7 (24. Nc4 $5 {/\Ne3-f5+-}) 24... Qxd7 {
Baburin: 'White's position is winning and the easiest route to victory is to
take advantage of the open h-file, which Black so unfortunately opened up.'} (
24... Rxd7 25. Na4 $18 {><c5}) 25. Qf3 {'!' Baburin.} Rb8 (25... f6 $142 26.
Na4 Qb5) 26. Na4 Bf8 27. Kg2 $1 {-><->h} Be7 28. Rh1 b5 (28... Qd6 29. Nxc5 $1
Qxc5 30. Qf5 Bd8 31. Rh7 Rf8 32. Rah1 $18) 29. Nxc5 $1 Qd6 (29... Bxc5 30. Qf6
(30. Qh3 $18) 30... Qxg4+ 31. Kf1 $18) 30. Ne6 $1 (30. Rh7 Qg6) (30. Ne6 fxe6
31. Rh8+ $1 Kxh8 32. Qf7 {/\Rh1#}) 1-0

[Event "Hamburg SKA"]
[Site "Hamburg"]
[Date "1991.07.05"]
[Round "8"]
[White "Jussupow, Artur"]
[Black "Maus, Soenke"]
[Result "1-0"]
[WhiteElo "2605"]
[BlackElo "2400"]
[Annotator "Stohl,I"]
[PlyCount "103"]
[EventDate "1991.06.27"]
[EventType "tourn"]
[EventRounds "13"]
[EventCountry "GER"]
[EventCategory "11"]
[SourceTitle "CBM 024"]
[Source "ChessBase"]
[SourceDate "1991.10.01"]
[SourceVersion "1"]
[SourceVersionDate "1991.10.01"]
[SourceQuality "1"]

1. d4 {Yusupov} Nf6 2. Nf3 c5 3. d5 e6 4. c4 d6 5. Nc3 exd5 6. cxd5 g6 7. Bf4
Bg7 (7... a6 8. e4 Bg7 (8... b5 9. Qe2 $5 Nh5 10. Bg5 Be7 11. Bh6 Bf8 12. Qe3
Bxh6 13. Qxh6 Nd7 14. a4 b4 15. Nd1 Ndf6 16. Bd3 Bg4 17. Ng1 Bxd1 18. Rxd1 Qe7
19. Nf3 $14 {Agdestein,S-Arnason,J,Oslo 1984}) 9. Qa4+ Bd7 10. Qb3 Qe7 11. Be2
b5 12. O-O O-O 13. e5 $1 dxe5 14. Nxe5 Bf5 15. Bf3 c4 16. Qd1 Qb4 17. Qd2 Nbd7
18. Nc6 $36 {Khalifman,A-Psakhis,L,Sverdlovsk 1987}) 8. e4 (8. Qa4+ Bd7 9. Qb3
b5 $5 (9... Qc7 10. e4 O-O 11. Nd2 $1 Nh5 12. Be3 f5 13. exf5 gxf5 14. Be2 $14)
10. Nxb5 Bxb5 11. Qxb5+ Nbd7 12. Bxd6 Ne4 13. Be5 O-O 14. Bxg7 Kxg7 15. Qa4 Rb8
$1 16. Qxe4 Qa5+ 17. Nd2 Rxb2 18. Rd1 Nf6 19. Qc4 Rxa2 20. e3 Rb8 21. Be2 Rbb2
22. O-O Rxd2 23. Rxd2 Qxd2 24. Bf3 Rc2 $10 {Khenkin,I-Arkhipov,A,Moscow II 1989
}) 8... O-O 9. Nd2 Na6 $6 (9... Ng4 $5 10. Be2 (10. Nc4 $2 Bd4 11. Bg3 f5 $40)
10... Ne5 11. Bg3 f5 12. exf5 Bxf5 13. O-O a6 14. a4 Qc7 15. Nde4 Nf7 16. Rc1
Nd7 17. b4 c4 18. a5 Rac8 19. Nd2 b5 20. axb6 Qxb6 21. Nxc4 Qxb4 $13 {
Polugaevsky,L-Agzamov,G,Moscow 1983}) 10. Be2 Rb8 (10... Re8 11. O-O Nc7 12. a4
b6 13. Re1 $14) 11. Nc4 Ne8 12. Nb5 $16 Nac7 (12... f5 {Yusupov} 13. O-O fxe4
14. Bg3 $16) 13. Nbxd6 (13. Ncxd6 {Yusupov} Nxd6 14. Bxd6 Nxb5 15. Bxb8 Bxb2
$16) 13... Nxd6 14. Bxd6 (14. Nxd6 Bxb2 $13) 14... Re8 15. Qd3 b6 (15... b5 16.
Qg3 $1 Rb7 (16... bxc4 {Yusupov} 17. Bxc7 Qe7 18. Bxb8 Qxe4 19. Qe3 $16) 17.
Na5 $18) 16. O-O $1 (16. Qg3 Rb7 17. f3 Nb5 $5 $132) 16... Ba6 17. Bg3 (17.
Bxc7 Qxc7 18. Qc2 Qf4 $146) (17. Bf4 $5 {Yusupov}) 17... Bxb2 18. d6 (18. Rab1
{Yusupov} Bd4 19. Qa3 $16) 18... Ne6 (18... Bxa1 19. dxc7 Qxd3 20. cxb8=Q $18)
19. Rab1 Bd4 (19... Bg7 20. d7 $16) 20. Qa3 (20. d7 $6 Qxd7 21. Bxb8 Rxb8 $146)
20... Bb7 (20... Bxc4 21. Bxc4 $16 {/\d7,Bb5}) 21. Qxa7 Bxe4 22. d7 Rf8 23.
Qxb8 Qxb8 24. Bxb8 Bxb1 (24... Rxb8 25. Rxb6 $18) 25. Bd6 Bxa2 26. Bxf8 Kxf8
27. Nxb6 Ke7 28. Bb5 Kd8 29. Re1 Kc7 30. Nc4 $1 (30. Na4 Bb3 {><a4}) 30... Bxc4
31. Bxc4 Kxd7 32. g3 $18 Ke7 33. Kg2 Kf6 34. f4 h6 35. Kf3 {/\g4,h4,g5|^} g5 $6
36. fxg5+ hxg5 37. Kg4 {/\Rf1-f5} Bc3 38. Rf1+ Ke7 39. Bxe6 Kxe6 40. Kxg5 Bd2+
41. Kg4 c4 42. Kf3 f5 (42... c3 43. Ke2 $18) 43. Rd1 Bh6 (43... c3 44. Ke2 (44.
Rxd2 {Yusupov} cxd2 45. Ke2 Kf6 46. Kxd2 Kg5 47. h3 f4 48. g4 Kh4 49. Ke2 Kg3
50. Kf1 $18) 44... c2 45. Kxd2 cxd1=Q+ 46. Kxd1 Kf6 47. Ke2 Kg5 48. Kf3 $18)
44. Rd4 c3 45. Rc4 Bd2 46. Ke2 Kf6 47. h3 Kg5 (47... Ke5 {Yusupov} 48. Kd3 Be1
49. g4 $18) 48. Rc6 $1 Kh5 (48... f4 49. g4 Kh4 50. Kf3 $18) 49. Kf2 Kg5 50.
Kf3 Kh5 51. h4 f4 (51... Be1 52. Kf4 (52. Rf6 {Yusupov})) 52. g4+ $1 {Stohl,I}
(52. g4+ Kxh4 53. Rc5 {/\Rh5#}) 1-0

[Event "Tan Chin Nam Cup 5th"]
[Site "Shenyang"]
[Date "1999.07.16"]
[Round "8"]
[White "Wu, Shaobin"]
[Black "Bu, Xiangzhi"]
[Result "1/2-1/2"]
[WhiteElo "2496"]
[BlackElo "2465"]
[Annotator "Stohl,I"]
[PlyCount "100"]
[EventDate "1999.07.08"]
[EventType "tourn"]
[EventRounds "9"]
[EventCountry "CHN"]
[EventCategory "13"]
[SourceTitle "CBM 073"]
[Source "ChessBase"]
[SourceDate "1999.12.01"]
[SourceVersion "1"]
[SourceVersionDate "1999.12.01"]
[SourceQuality "1"]

1. d4 Nf6 2. c4 c5 3. d5 e6 4. Nc3 exd5 5. cxd5 d6 6. e4 g6 7. h3 Bg7 8. Nf3
O-O 9. Bd3 Re8 (9... b5 10. Nxb5 Re8 11. O-O Nxe4 12. Qb3 Na6 $6 $146 (12... a6
$142 13. Na3 Nd7 $132) 13. Re1 Bf5 14. Qc4 Nf6 15. Rxe8+ Nxe8 16. Bxf5 gxf5 17.
Nbd4 $1 cxd4 18. Qxa6 Be5 19. Bd2 Qb6 20. Qd3 Ng7 21. Re1 Bf6 22. b4 $16 {
[%csl Rd4,Rd6,Rf5] ק,Epishin,V-Sherbakov,R/Koszalin/1999/}) 10. O-O c4 11. Bc2
{More ambitious than} (11. Bxc4 Nxe4 12. Nxe4 Rxe4 13. Bd3 $14) 11... b5 $5 {
The young Chinese player consistently plays this line, which is considered
difficult for Black.} 12. Nxb5 {White goes for a tactical shoot-out, but the
strategical approach is also quite promising.} (12. a3 Nbd7 (12... a6 13. Bf4
Bb7 14. Qd2 Qb6 15. Rfe1 Nbd7 16. Rad1 Rad8 17. Bh6 Ne5 18. Nd4 Bh8 19. Be3 Qc7
20. f4 Ned7 21. Nf3 Nc5 22. Bd4 Bg7 23. Qf2 Ncd7 24. Qh4 h6 25. Kh1 Rc8 26. Bg1
Nb6 27. Bh2 $14 {Wallace,JP-Wedberg,T/Osterskars op/1995/}) (12... Na6 13. Be3
Bd7 14. Re1 Qc7 15. Bd4 Nc5 16. e5 dxe5 17. Bxe5 Qb6 18. Qd4 Nb7 19. Qxb6 axb6
20. Bc7 b4 21. axb4 Rxe1+ 22. Rxe1 b5 23. Be5 Ne8 24. Bxg7 Kxg7 25. Re7 Nf6 26.
Ne5 $18 {Kakageldyev,A-Vaulin,A/Moscow/1995/}) 13. Nxb5 $5 (13. Re1 Nc5 14. Nd4
(14. Bf4 Qb6 15. e5 dxe5 16. Bxe5 Bb7 17. Qd4 Rad8 18. d6 Re6 19. Ng5 Qc6 20.
f3 Rexd6 21. Bxd6 Rxd6 22. Qf4 h6 23. Nge4 Nfxe4 24. Nxe4 Nxe4 25. Bxe4 Qc5+
$44 {Kragelj,I-Totsky,L/Harkany op/1994/}) 14... a6 15. Bf4 Nh5 16. Be3 Nf6 17.
f3 Bd7 18. Qd2 Qb6 19. b4 cxb3 20. Nxb3 Nxb3 21. Bxb3 Qa5 22. Nb1 Qxd2 23. Nxd2
Rec8 $36 {Zimmerman,Y-Bu Xiangzhi/Budapest FSIM/1999/}) (13. Bf4 Qb6 $13) (13.
Be3 a6 14. Re1 Bb7 (14... Qc7 15. Bd4 Bb7 16. Qd2 Re7 17. Re2 Rae8 18. Rae1 Qb8
19. Nh2 Bc8 20. Nd1 a5 21. Qxa5 Nxd5 22. Bxg7 Kxg7 23. Qd2 N5f6 24. Ne3 h5 25.
Nf3 Ne5 26. Ng5 Qb6 27. Rd1 Rd8 28. Kh1 Nc6 29. Nd5 $1 $16 {Ibragimov,I-Bu
Xiangzhi/Koszalin/1999/}) 15. Bd4 (15. Qd2 Rc8 (15... Qc7 16. Bh6 Ne5 17. Nd4
Bxh6 18. Qxh6 Nfd7 19. Nce2 Nc5 20. Ng3 f6 21. Qd2 Qb6 22. Re3 Ncd3 23. Ne6
Nxb2 24. Nh5 $5 $13 {Podgaets,M-Totsky,L/URS Army-ch Odessa/1991/}) 16. Rad1
Nc5 17. Bg5 Qb6 18. e5 Nfd7 19. e6 fxe6 20. dxe6 Nxe6 21. Be3 Ndc5 22. Nd4 Qd8
23. Nxe6 Nxe6 24. Bh6 Rc7 25. Bxg7 Rxg7 26. Qxd6 $10 {Chernin,A-Hulak,K/
Marseille/1990/}) 15... Nc5 16. Qd2 Qb6 17. Rad1 Nfd7 (17... a5 $5 $13) 18.
Bxg7 Kxg7 19. Re3 Ne5 20. Ne1 $14 {[%csl Gd5,Ge4,Rf6,Rg7,Rh6] [+],׻,Ibragimov,
I-Vaulin,A/Kazan/1995/ A typical Benoni-type position from the Bd3,h3 line.
White has central control and attacking chances on the King-side, Black's
counterplay on the other flank is usually insufficient.}) 13... Nc5 14. Nd2
Ncxe4 15. Nxc4 Bb7 16. Ne3 Qb6 17. a4 Rac8 18. Ra3 Qc5 19. Nc3 Qa5 20. b4 Qb6
21. a5 Nxc3 22. Rxc3 Qd8 23. Bb2 Rxc3 24. Bxc3 Nxd5 25. Nxd5 Bxd5 26. Bxg7 Qg5
27. Qg4 Qxg4 28. hxg4 Kxg7 29. Rd1 $16 {Ogaard,L-Sjoberg,M/Gausdal
International/1981/}) 12... Nxe4 13. Bxe4 $1 (13. Re1 Qb6 $5 (13... Ba6 14. a4
(14. Nbd4 Nc5 15. Bg5 Rxe1+ 16. Qxe1 Bf6 17. Bxf6 Qxf6 18. Qe8+ Kg7 19. Re1 Bb7
20. Nb5 Nba6 21. Qe7 Rd8 22. Qxf6+ Kxf6 23. Rd1 Nb4 24. Bb1 Nxd5 25. Nxa7 Nf4
$17 {Czebe,A-Hedman,E/Budapest3 IM-A/1995/}) 14... Bxb5 15. axb5 Nc5 16. Nd2 {
Dreev,A-Wedberg,T/New York op/1991/} c3 17. bxc3 Bxc3 18. Rxe8+ Qxe8 19. Rb1
Nbd7 20. Nc4 Nb6 $1 $11) 14. Rxe4 Rxe4 15. Bxe4 Qxb5 16. Nd4 Qe8 17. Bf3 Nd7
18. Ne6 fxe6 19. dxe6 Nb6 20. Bxa8 Nxa8 21. Qxd6 Bxe6 22. Bg5 Bf7 23. Rd1 h6
24. Bf6 Bf8 25. Qf4 g5 $13 {Persson,L-Lindemann,S/Sollentuna op/1995/}) 13...
Rxe4 14. Nd2 (14. Ng5 Re5 (14... Re8 15. Qf3 f5 $2 16. Bf4 Be5 17. Ne6 $16 {
Dornauer,J-Somasundram,J/Linz/1997/}) 15. Nf3 Re4 $11) 14... Rh4 15. Re1 Ba6 (
15... a6 $2 16. Nxd6 Qxd6 17. Re8+ Bf8 18. Rxc8 $16) ({An untested, but
interesting idea deserving attention is} 15... Bxh3 $5 16. gxh3 Qd7 17. Qf3 (
17. Nf3 Rxh3 18. Ng5 Rd3 $17) 17... Qxb5 (17... Rxh3 18. Re7 $1 $16) 18. Re7
$13) 16. a4 Bxb5 17. axb5 Nd7 $146 {Black improves on his own game earlier in
the tournament.} (17... Rd4 18. b6 $1 {Krasenkov's own strong novelty.} (18.
Qe2 Nd7 19. Nxc4 Rxd5 20. Bf4 Rxb5 21. Nxd6 Rxb2 22. Qf3 $44 Qf8 23. Rad1 Nb6
24. Bg5 f5 $2 25. Be7 Qb8 26. Qe3 h5 27. Bf6 $1 {1-0,Maggerramov,E-Wedberg,T/
Andorra/1993/}) 18... Nd7 (18... Qxb6 19. Re8+ Bf8 20. Qe2 Qb7 21. Nf3 Rxd5 22.
Rxf8+ $1 $18) 19. bxa7 {[%csl Ga7] o^a7 The srtong passed pawn completely ties
Black down.} Rxd5 20. Qf3 Rd3 21. Qb7 d5 22. Nf3 Nc5 23. Qc6 Nb3 24. Bg5 f6 25.
Qe6+ Kh8 26. Ne5 Qf8 27. Nd7 Nc5 28. Nxf8 Nxe6 29. Nxe6 {1-0,Krasenkow,M-Bu
Xiangzhi/Shenyang/1999/}) 18. Ne4 {[%csl Rh4] /\Bg5} Qb6 {[%mdl 256] Despite
his waylaid Rh4 Black defends well to create sufficient <=>, the position is
far from clear.} 19. Ra6 ({An interesting alternative was the exchange
sacrifice after} 19. Qf3 Ne5 20. Nf6+ $5 (20. Qg3 Rh5 {[%cal Re5d3] /\Nd3~~} (
20... Nd3 $2 21. Qxh4 Nxe1 22. Be3 $18)) 20... Kh8 (20... Kf8 $4 21. Rxe5 dxe5
22. Nd7+) 21. Rxe5 dxe5 22. Nd7 Qxb5 (22... Qb7 23. Qxf7 Rd4 24. Be3 Rxd5 25.
Rxa7 Rd1+ 26. Kh2 Qc8 27. Bh6 $3 Bxh6 28. Qxh7+ $1 Kxh7 29. Nf6+ Kh8 30. Rh7#)
23. Qxf7 $44 {/\Ra7,Bg5}) (19. Bg5 Rh5 20. Be3 (20. Qf3 $2 f5 $17) 20... Qxb5
21. Nxd6 Qxd5 $11) 19... Qxb5 20. Rxd6 Ne5 21. Bg5 (21. Nf6+ $142 $1 Bxf6 22.
Rxf6 Nd3 23. Re7 $36 {/\} Nxc1 24. Qxc1 Qxd5 25. Rfxf7 Qxf7 26. Rxf7 Kxf7 27.
g4 $1 Rxh3 28. Kg2 $18 {צ}) 21... Rh5 22. Nf6+ (22. Bf6 Nd3 23. Bxg7 Kxg7 $132
) 22... Bxf6 23. Bxf6 Nd3 24. Re7 $2 {This already puts White's position under
a threat.} (24. Re2 Rxd5 25. Rxd5 Qxd5 26. Qa4 Rf8 27. Re8 Qc5 $11) ({More
circumspect and better was} 24. Re3 $142 Rf5 (24... Rxd5 25. Qf3 Nb4 26. Bc3 $1
$18 {->}) (24... Nb4 25. Bc3 $5 (25. Be5 $2 Rxe5 $1 26. Rxe5 Qb8 $19) (25. Re5
Qb8 26. Rd8+ Qxd8 27. Bxd8 Rxe5 28. Bf6 Rf5 $15) 25... Nxd5 26. Re7 Qc5 $5 27.
Red7 Nxc3 28. Qf3 Rf8 $11) 25. b3 Nxf2 26. Qd4 (26. Qe2 Nd1 $1 27. Qxd1 Qc5 $17
) 26... cxb3 27. Qxa7 (27. g4 $2 Nxh3+ $1) 27... Nxh3+ 28. Kh2 Rf8 29. Qe7 {
[%cal Re7f8] /\Qf8!} Rxf6 30. Qxf6 b2 31. Rd8 Rxd8 32. Qxd8+ Kg7 33. Rf3 $1 Ng5
(33... b1=Q $2 34. Qf6+ $18) 34. Qxg5 Qb8+ 35. g3 b1=Q 36. Qf6+ Kg8 37. Qxf7+
$11) 24... Qc5 25. Red7 Qxf2+ 26. Kh1 Rf8 $6 (26... Rxd5 $142 $1 27. Rxd5 Qxf6
$36 {[%cal Ya8e8,Rd3f2] /\Nf2,Re8}) 27. Rd8 $8 (27. Qg1 Qg3 $40) (27. Qg4 Rf5
28. Bc3 Ne5 29. Bxe5 Qe1+ 30. Kh2 Rf1 $1 $19) 27... Rxd5 $8 28. Rxd5 Qxf6 29.
Rxf8+ Kxf8 30. Qd2 Kg7 (30... Qxb2 $5 31. Qh6+ (31. Rxd3 $4 Qb1+ $19) 31... Ke7
32. Qh4+ Kf8 {/\} (32... Qf6 $4 33. Rd7+ Ke6 34. Rd6+ $18) 33. Qxc4 Qb1+ 34.
Kh2 Qb8+ $11 {was also possible and lead to an immediate perpetual.}) 31. Rb5
a6 32. Rb8 h5 $44 {=} 33. Qc3 {Without the exchange of Q White can't make any
progress, but now Black liquidates the << to a drawn _|_.} Qxc3 34. bxc3 Nf2+
35. Kg1 Ne4 36. Rc8 Nxc3 37. Rxc4 Nd5 $11 38. Rc6 f6 (38... h4 $2 39. Rc4 $1 g5
40. Rc5 $16) 39. Rxa6 (39. g3 $5 Ne3 40. Rxa6 Nf5 41. Kf2 Kf7 $11) 39... h4 40.
Kf2 Nf4 41. Kf3 g5 {[%csl Rg2] Now Black's fotress is even sttronger, than in
the previous note.} 42. Ra2 Kg6 43. Ke4 Nh5 44. Kd5 Nf4+ 45. Kd6 Kf7 46. Rc2
Kg6 47. Ke7 Nd5+ 48. Kf8 Nf4 49. Rd2 Ne6+ 50. Ke7 Nf4 (50... Nf4 51. Rd6 Kg7
$11 (51... g4 $5 52. Rxf6+ Kg5 $132 {=}) 52. Rxf6 $4 Nd5+) 1/2-1/2

[Event "Rubinstein Memorial"]
[Site "Polanica Zdroj"]
[Date "1992.??.??"]
[Round "11"]
[White "Chernin, Alexander"]
[Black "Gdanski, Jacek"]
[Result "1/2-1/2"]
[WhiteElo "2600"]
[BlackElo "2500"]
[Annotator "Stohl,I"]
[PlyCount "40"]
[EventDate "1992.08.??"]
[EventType "tourn"]
[EventRounds "11"]
[EventCountry "POL"]
[EventCategory "12"]
[SourceTitle "CBM 031"]
[Source "ChessBase"]
[SourceDate "1992.12.01"]
[SourceVersion "1"]
[SourceVersionDate "1992.12.01"]
[SourceQuality "1"]

1. d4 Nf6 2. c4 c5 3. d5 g6 4. Nc3 d6 5. e4 Bg7 6. Bd3 O-O 7. h3 e6 8. Nf3 exd5
9. cxd5 b5 $5 10. Nxb5 (10. Bxb5 Nxe4 11. Nxe4 Qa5+ 12. Nfd2 Qxb5 13. Nxd6 Qd3
14. N2c4 Qxd1+ 15. Kxd1 Ba6 16. Kc2 Nd7 17. Rd1 Nb6 $1 18. Nxb6 axb6 19. Bg5
Ra7 20. Kb3 Rd7 21. Nc4 {Kramnik,V-Hall,J,Oakham 1992-CBM 30} Bb7 $1 $36 {
Kramnik}) 10... Re8 (10... Nxe4 11. Bxe4 Re8 12. Ng5 $1 $16) 11. Nc3 $5 {N} (
11. Nd2 Nxd5 (11... Nxe4 12. Bxe4 (12. Nxe4 f5 $13) 12... Ba6 $1 (12... f5 $2
13. O-O fxe4 14. Nc4 Ba6 15. a4 Be5 16. Nxe5 Rxe5 17. b4 $1 Bb7 18. Bb2 $40 {
Shipov,S-Maslej,M,Katowice op 1992}) 13. a4 Qa5 $44) (11... Na6 $5 12. O-O Nb4
13. Bc4 (13. Bb1 Ba6 14. a4 Qd7 $13) 13... Nxe4 14. Re1 Bf5 15. a3 $2 Nxf2 $1
16. Rxe8+ Qxe8 17. Kxf2 Nd3+ 18. Bxd3 Bxd3 19. a4 Bxb5 20. axb5 Bd4+ 21. Kf1
Qe3 $19 {Suran,J-Pekarek,A,Ceske Budejovice op 1992}) 12. O-O Nf4 13. Nc4 Nxd3
14. Qxd3 Ba6 15. a4 (15. Ncxd6 Nc6 16. Qd5 Re6 17. Qxc6 Bxb5 18. Qxb5 Qxd6 19.
Be3 Rxe4 20. Qxc5 Qxc5 21. Bxc5 {1/2:1/2,Cruz,C-Martin,A,ESP-ch 1991}) 15...
Nc6 16. Qxd6 Qxd6 17. Ncxd6 Red8 $1 (17... Re7 18. Bg5 Rd7 19. Rac1 Nd4 20.
Rfe1 Ne6 $10 {Ambarcumjan,A-Wang Zili,PRC-CIS Beijing 1991-CBM 28}) 18. Be3
Bxb2 19. Rab1 Bd4 20. Rfc1 Bxe3 21. fxe3 Rab8 22. Ra1 Bxb5 23. Nxb5 Na5 $1 $15
{Miladinovic,I-Radosavljevic,S,JUG-ch 1991-TD 91_07}) (11. Bg5 $6 Qb6 12. Bxf6
Bxf6 13. Qc2 Na6 14. a3 Bd7 15. Nc3 Rab8 16. Rb1 c4 17. Be2 Bxc3+ 18. Qxc3 Nc5
19. O-O Nxe4 20. Qxc4 Ng3 $17 {Kalinichev,S-Semeniuk,A,Leningrad-chT 1989-TD
89_09}) (11. O-O Nxe4 12. Re1 a6 $132) 11... Nxe4 $8 12. Nxe4 (12. Bxe4 $2
Bxc3+ 13. bxc3 Rxe4+ 14. Be3 Ba6 $36) 12... f5 13. Bg5 (13. Nfd2 $6 fxe4 14.
Nxe4 Qh4 $40) 13... Qd7 $1 (13... Qa5+ 14. Qd2 (14. Bd2 Qb6 15. O-O fxe4 16.
Re1 Bf5 $13) 14... Qxd2+ 15. Nfxd2 fxe4 16. Nxe4 Bf5 17. f3 Bxb2 18. Rb1 $14 {
<->b,><d6}) 14. Nfd2 (14. Qc2 $2 fxe4 15. Bxe4 Qf5 $19) 14... Ba6 (14... fxe4
15. Bc4 (15. Nxe4 Qf5 16. O-O Rxe4 17. Qd2 Qe5 18. Bxe4 Qxe4 19. Rfe1 Qa4 $17)
15... Bxb2 $5 (15... Ba6 16. O-O Bxc4 17. Nxc4 Na6 18. Bf4 $16) 16. Rb1 Bc3 17.
Bb5 (17. Rb3 Qf5 $13) 17... Qf5 18. Bxe8 Qxg5 $44) 15. Bxa6 Nxa6 16. O-O fxe4
17. Nc4 Nb4 $132 18. Qd2 (18. Bf4 Nd3 19. Bxd6 Nxb2 20. Nxb2 Bxb2 (20... Qxd6
21. Nc4 Qa6 22. Rc1 $36) 21. Rb1 Bd4 $17 {/\Qd5}) 18... Nd3 19. Rad1 Ne5 20.
Nxe5 Bxe5 {[Stohl]} (20... Bxe5 21. Rfe1 Rab8 22. b3 Rb4 {/\a5-a4=}) 1/2-1/2